00240nam a2200121Ia 4500100002100000650002100021366000700042245002700049260001400076082000800090300000800098546001200106 aDhanjani/Nitesh  aNetwork Security f20 aNetwork Security Tools bSPDc2005 bDHA a323 aENGLISH